| 000 | 00535nam a2200205Ia 4500 | ||
|---|---|---|---|
| 003 | OSt | ||
| 005 | 20260122163442.0 | ||
| 008 | 210210b1958 xxu||||| |||| 00| 0 eng d | ||
| 040 | _cAL | ||
| 041 | _aKannada | ||
| 082 | _a858/94 | ||
| 100 |
_aNEHARU JAVAHARALAL _dಜವಾಹರಲಾಲ್ ನೆಹರೂ _9252254 |
||
| 245 |
_aNanna kathe _bನನ್ನ ಕಥೆ |
||
| 260 |
_aHubbaLLi _b- _c1958 |
||
| 650 |
_aNanna _9252255 |
||
| 650 |
_akathe _9252256 |
||
| 690 |
_aBiography _9252257 |
||
| 906 | _a020638 | ||
| 942 |
_2ddc _cBK |
||
| 999 |
_c144792 _d144792 |
||